Der Untergang des Systemkommunismus
| Titel: | Der Untergang des Systemkommunismus : zur osteurop. Revolution / von Günter Bartsch |
|---|---|
| darin enthalten: | Ökologie, soziale Frage und Nationalismus : d. Troika d. osteurop. Revolution / von Günter Bartsch. Phönixgeneration und nationale Renaissance : Günter Bartsch bespricht Wolfgang Strauss neues Buch Nation oder Klasse. Kurzberichte und Meldungen / von Günter Bartsch |
| Verfasser: | |
| Veröffentlicht: | Hamburg : Verlag Deutsch-Europäischer Studien, 1978 |
| Umfang: | 27 S. ; 21 cm |
| Format: | Buch |
| Sprache: | Deutsch |
| Schriftenreihe/ mehrbändiges Werk: |
Junges Forum ; 78, Nr. 3 |
X
alg: 8012940 001A $06000:26-07-99 001B $01999:12-05-23 $t22:40:14.000 001C $03004:16-02-12 $t13:31:38.000 001D $09999:99-99-99 001U $0utf8 001X $00 002@ $0Aaxaf 003@ $0080129404 004A $fgeh. : DM 4.00 006G $0790343967 006U $079,A36,0198 007A $0790343967 $aDNB 007T $0Herdhh080129404 010@ $ager 011@ $a1978 $n1978 015@ $00 021A $aDer @Untergang des Systemkommunismus $dzur osteurop. Revolution $hvon Günter Bartsch 021M $aÖkologie, soziale Frage und Nationalismus $dd. Troika d. osteurop. Revolution $hvon Günter Bartsch. Phönixgeneration und nationale Renaissance : Günter Bartsch bespricht Wolfgang Strauss neues Buch Nation oder Klasse. Kurzberichte und Meldungen / von Günter Bartsch 028A $7 $8Bartsch, Günter [Tnd] $9140573976 033A $pHamburg $nVerlag Deutsch-Europäischer Studien 034D $a27 S. 034I $a21 cm 036E $aJunges Forum $l78, Nr. 3 036F $x278_13 $8Junges Forum $9011751649 $l78,3 037A $aNebent.: Zur Diskussion. 044F $bOstblockstaaten 044F $aRevolution 044F $aSelbstbestimmungsrecht 044F $aNationalismus 045E $b06a 045F $a909 $eDDC23BSB 045F/01 $a909 045F/03 $f0904 045F/03 $g47 045F/03 $g437 045G $a333.70947 $eDDC23BSB 045G/01 $a333.709 045G/03 $g47 045G/03 $g437 045H $a900.9470904 $eDDC23BSB 045H/01 $a900 045H/03 $f0904 045H/03 $g47 045H/03 $g437 lok: 8012940 24 101B $011-04-12 $t09:05:01.000 101C $011-04-12 101U $0utf8 145Z/01 $a31 7 Mk 145Z/02 $a31 13 O 145Z/03 $a31 7 O exp: 8012940 24 1 #EPN 201B/01 $011-04-12 $t09:05:01.000 201C/01 $016-02-12 201U/01 $0utf8 203@/01 $0638380456 208@/01 $a11-04-12 $bz 209A/01 $aS 25872 $du $f050 $hS 25872 $x00 209C/01 $a12.00708 G $h12 00708 G 209G/01 $a73014239 $x00 220C/01 $ahae 247C/01 $8358050-7Marburg, Bibliothek des Herder-Instituts Marburg $9102600961 lok: 8012940 78 exp: 8012940 78 1 #EPN 201B/01 $019-04-17 $t18:34:45.000 201U/01 $0utf8 203@/01 $0793863929 208@/01 $a12-11-16 $be 209A/01 $a/ $f000 $x00 237A/01 $aweiterführende Signatur(en): Herder-Institut: S 25872 244Z/01 $2Trx $#Kesk- ja Ida- Euroopa kontseptsioonid $#Vidurio Europos koncepcijos $#East-Central Europe $#Keletközépeurópa-eszmék $#Europa Środkowo-Wschodnia koncepcje $#Európa stredovýchodná koncepcie $#Evropa střední, východní část koncepce $#Mitteleuropa $#Osteuropakonzeptionen $#Europa Środkowa koncepcje $#Stredná Európa koncepcie $#Střední Europa koncepce $8--Trx--Ostmitteleuropakonzeptionen $x01 $9391364286 244Z/01 $2Trx $8--Trx--Monographie $x02 $9391384546 245Z/01 $a07.03 $x01 247C/01 $82080>Marburg/Lahn, Herder-Institut, Forschungsbibliothek, Bibliographieportal $9336309341
| LEADER | 00000cam a22000002c 4500 | ||
|---|---|---|---|
| 001 | 080129404 | ||
| 003 | DE-603 | ||
| 005 | 20230512224014.0 | ||
| 007 | tu | ||
| 008 | 990726s1978 xx |||| | u00||u|ger | ||
| 015 | |a 79,A36,0198 |2 dnb | ||
| 016 | 7 | |2 DE-101 |a 790343967 | |
| 035 | |a (DE-599)DNB790343967 | ||
| 040 | |a DE-603 |b ger |c DE-603 |d DE-603 | ||
| 041 | |a ger | ||
| 082 | 0 | 4 | |8 1\u |a 909 |q DE-101 |2 23/BSB |
| 083 | 0 | |8 2\u |a 333.70947 |q DE-101 |2 23/BSB | |
| 083 | 0 | |8 3\u |a 900.9470904 |q DE-101 |2 23/BSB | |
| 084 | |a 06a |q DE-101 |2 sdnb | ||
| 085 | |8 1\u |b 909 | ||
| 085 | |8 1\u |z 1 |s 0904 | ||
| 085 | |8 1\u |z 2 |s 47 | ||
| 085 | |8 1\u |z 2 |s 437 | ||
| 085 | |8 2\u |b 333.709 | ||
| 085 | |8 2\u |z 2 |s 47 | ||
| 085 | |8 2\u |z 2 |s 437 | ||
| 085 | |8 3\u |b 900 | ||
| 085 | |8 3\u |z 1 |s 0904 | ||
| 085 | |8 3\u |z 2 |s 47 | ||
| 085 | |8 3\u |z 2 |s 437 | ||
| 100 | 1 | |a Bartsch, Günter |0 (DE-603)140573976 | |
| 245 | 0 | 0 | |a Der Untergang des Systemkommunismus |b zur osteurop. Revolution |c von Günter Bartsch |
| 249 | |a Ökologie, soziale Frage und Nationalismus : d. Troika d. osteurop. Revolution |v von Günter Bartsch. Phönixgeneration und nationale Renaissance : Günter Bartsch bespricht Wolfgang Strauss neues Buch Nation oder Klasse. Kurzberichte und Meldungen / von Günter Bartsch | ||
| 264 | 1 | |a Hamburg |b Verlag Deutsch-Europäischer Studien |c 1978 | |
| 300 | |a 27 S. |c 21 cm | ||
| 490 | 1 | |a Junges Forum |v 78, Nr. 3 | |
| 500 | |a Nebent.: Zur Diskussion. | ||
| 650 | 7 | |a Revolution |2 local | |
| 650 | 7 | |a Selbstbestimmungsrecht |2 local | |
| 650 | 7 | |a Nationalismus |2 local | |
| 651 | 7 | |a Ostblockstaaten |2 local | |
| 830 | 0 | |t Junges Forum |v 78,3 |w (DE-603)011751649 |w (DE-600)412993-3 |9 278_13 |7 as | |
| 924 | 0 | |9 Mb 50 |a (DE-603)638380456 |b DE-Mb50 |c HES |d c |g S 25872 | |
| 924 | 0 | |9 2080 |a (DE-603)793863929 |b DE-2080 |c HES |d d |g / | |


